<?xml version="1.0" encoding="UTF-8"?>
<record
    xmlns:xsi="http://www.w3.org/2001/XMLSchema-instance"
    xsi:schemaLocation="http://www.loc.gov/MARC21/slim http://www.loc.gov/standards/marcxml/schema/MARC21slim.xsd"
    xmlns="http://www.loc.gov/MARC21/slim">

  <leader>01522nam a22003257a 4500</leader>
  <controlfield tag="003">OSt</controlfield>
  <controlfield tag="005">20260601103255.0</controlfield>
  <controlfield tag="008">260601b        |||||||| |||| 00| 0 eng d</controlfield>
  <datafield tag="040" ind1=" " ind2=" ">
    <subfield code="a">Foundation University Library </subfield>
    <subfield code="b">eng</subfield>
    <subfield code="c">Foundation University Library</subfield>
    <subfield code="e">rda</subfield>
  </datafield>
  <datafield tag="050" ind1=" " ind2=" ">
    <subfield code="a">GS (DocEd-Dis) LG 221 D35 G73</subfield>
    <subfield code="b">A6 E38 A36 1998 M38</subfield>
  </datafield>
  <datafield tag="100" ind1=" " ind2=" ">
    <subfield code="a">Maturan, Alfredo G.</subfield>
    <subfield code="e">author</subfield>
    <subfield code="9">5777</subfield>
  </datafield>
  <datafield tag="245" ind1=" " ind2=" ">
    <subfield code="a">The effects of the coastal resource management project as perceived and observed by coastal users and leaders /
</subfield>
    <subfield code="c">by Alfredo G. Maturan.</subfield>
  </datafield>
  <datafield tag="260" ind1=" " ind2=" ">
    <subfield code="a">Dumaguete City : </subfield>
    <subfield code="b">Foundation University,</subfield>
    <subfield code="c">1998.</subfield>
  </datafield>
  <datafield tag="264" ind1=" " ind2=" ">
    <subfield code="4">1998.</subfield>
  </datafield>
  <datafield tag="300" ind1=" " ind2=" ">
    <subfield code="a">iv, 273 leaves :</subfield>
    <subfield code="b">illustrations ;</subfield>
    <subfield code="c">28 cm</subfield>
    <subfield code="3">dissertation</subfield>
    <subfield code="f">leaves</subfield>
  </datafield>
  <datafield tag="336" ind1=" " ind2=" ">
    <subfield code="3">rdacontent</subfield>
    <subfield code="a">text</subfield>
    <subfield code="b">txt</subfield>
  </datafield>
  <datafield tag="337" ind1=" " ind2=" ">
    <subfield code="3">rdamedia</subfield>
    <subfield code="a">unmediated</subfield>
    <subfield code="b">n</subfield>
  </datafield>
  <datafield tag="338" ind1=" " ind2=" ">
    <subfield code="3">GS-DocEd-Diss</subfield>
    <subfield code="a">volume</subfield>
    <subfield code="b">nc</subfield>
    <subfield code="2">rdacarrier</subfield>
  </datafield>
  <datafield tag="490" ind1=" " ind2=" ">
    <subfield code="a">GS-DocEd-Diss</subfield>
  </datafield>
  <datafield tag="502" ind1=" " ind2=" ">
    <subfield code="a">Graduate dissertation (Doctor of Education) -- Foundation University, 1998.</subfield>
  </datafield>
  <datafield tag="504" ind1=" " ind2=" ">
    <subfield code="a">Includes bibliographical references and appendices.
</subfield>
  </datafield>
  <datafield tag="650" ind1=" " ind2=" ">
    <subfield code="a">Coastal zone management</subfield>
    <subfield code="9">11891</subfield>
  </datafield>
  <datafield tag="650" ind1=" " ind2=" ">
    <subfield code="a">Marine resources conservation.</subfield>
    <subfield code="9">16893</subfield>
  </datafield>
  <datafield tag="650" ind1=" " ind2=" ">
    <subfield code="a">Community development.</subfield>
    <subfield code="9">13585</subfield>
  </datafield>
  <datafield tag="650" ind1=" " ind2=" ">
    <subfield code="a">Environmental management. =</subfield>
    <subfield code="9">16894</subfield>
  </datafield>
  <datafield tag="650" ind1=" " ind2=" ">
    <subfield code="a">Fisheries$xManagement. </subfield>
    <subfield code="9">16895</subfield>
  </datafield>
  <datafield tag="650" ind1=" " ind2=" ">
    <subfield code="a">Sustainable development.</subfield>
    <subfield code="9">5988</subfield>
  </datafield>
  <datafield tag="658" ind1=" " ind2=" ">
    <subfield code="a">Dissertation Writing 2 :</subfield>
    <subfield code="b">Industrial Engineering, Bachelor of Science in ;</subfield>
    <subfield code="c">EDD 101 .</subfield>
  </datafield>
  <datafield tag="942" ind1=" " ind2=" ">
    <subfield code="2">lcc</subfield>
    <subfield code="c">DS</subfield>
    <subfield code="n">0</subfield>
    <subfield code="h">LG 221 D35 G73</subfield>
    <subfield code="i">A6 E38 A36 1998 M38</subfield>
    <subfield code="k">GS (DocEd-Dis) </subfield>
  </datafield>
  <datafield tag="999" ind1=" " ind2=" ">
    <subfield code="c">6201</subfield>
    <subfield code="d">6201</subfield>
  </datafield>
  <datafield tag="952" ind1=" " ind2=" ">
    <subfield code="0">0</subfield>
    <subfield code="1">0</subfield>
    <subfield code="2">lcc</subfield>
    <subfield code="4">0</subfield>
    <subfield code="7">4</subfield>
    <subfield code="8">NFIC</subfield>
    <subfield code="a">FOUNDATION</subfield>
    <subfield code="b">FOUNDATION</subfield>
    <subfield code="c">MAIN-THE,DISS</subfield>
    <subfield code="d">2026-06-01</subfield>
    <subfield code="e">Donated</subfield>
    <subfield code="l">0</subfield>
    <subfield code="o">GS (DocEd-Dis) LG 221 D35 G73 A6 E38 A36 1998 M38</subfield>
    <subfield code="p">0232026007005</subfield>
    <subfield code="r">2026-06-01 10:33:26</subfield>
    <subfield code="w">2026-06-01</subfield>
    <subfield code="y">DS</subfield>
    <subfield code="k">DocEd-Dis-2026005</subfield>
  </datafield>
</record>
